Water supply and sewerage / (Record no. 34173)

MARC details
000 -LEADER
fixed length control field 01179cam a2200313 a 4500
001 - CONTROL NUMBER
control field 3889207
003 - CONTROL NUMBER IDENTIFIER
control field OSt
005 - DATE AND TIME OF LATEST TRANSACTION
control field 20220401144414.0
008 - FIXED-LENGTH DATA ELEMENTS--GENERAL INFORMATION
fixed length control field 900405s1991 nyua b 001 0 eng
010 ## - LIBRARY OF CONGRESS CONTROL NUMBER
LC control number 90035930
020 ## - INTERNATIONAL STANDARD BOOK NUMBER
International Standard Book Number 0070609381 :
Terms of availability $48.95
040 ## - CATALOGING SOURCE
Original cataloging agency DLC
Transcribing agency HU
Modifying agency DLC
050 00 - LIBRARY OF CONGRESS CALL NUMBER
Classification number TD345
Item number .M33 1991
082 00 - DEWEY DECIMAL CLASSIFICATION NUMBER
Classification number 628 MCG 1991
Edition number 20
100 1# - MAIN ENTRY--PERSONAL NAME
Personal name McGhee, Terence J.
9 (RLIN) 34983
245 10 - TITLE STATEMENT
Title Water supply and sewerage /
Statement of responsibility, etc. Terence J. McGhee.
250 ## - EDITION STATEMENT
Edition statement 6th ed.
260 ## - PUBLICATION, DISTRIBUTION, ETC.
Place of publication, distribution, etc. New York :
Name of publisher, distributor, etc. McGraw-Hill,
Date of publication, distribution, etc. c1991.
300 ## - PHYSICAL DESCRIPTION
Extent xvi, 602 p. :
Other physical details ill. ;
Dimensions 25 cm.
440 #0 - SERIES STATEMENT/ADDED ENTRY--TITLE
Title McGraw-Hill series in water resources and environmental engineering
9 (RLIN) 10705
500 ## - GENERAL NOTE
General note Rev. ed of: Water supply and sewerage / E.W. Steel, Terence J. McGhee.
504 ## - BIBLIOGRAPHY, ETC. NOTE
Bibliography, etc. note Includes bibliographical references and index.
650 #0 - SUBJECT ADDED ENTRY--TOPICAL TERM
Topical term or geographic name entry element Water-supply engineering.
9 (RLIN) 10309
650 #0 - SUBJECT ADDED ENTRY--TOPICAL TERM
Topical term or geographic name entry element Sewerage.
9 (RLIN) 34984
700 1# - ADDED ENTRY--PERSONAL NAME
Personal name Steel, E. W.
Fuller form of name (Ernest William),
Dates associated with a name 1893-
Title of a work Water supply and sewerage.
9 (RLIN) 34985
906 ## - LOCAL DATA ELEMENT F, LDF (RLIN)
a 7
b cbc
c orignew
d 1
e ocip
f 19
g y-gencatlg
942 ## - ADDED ENTRY ELEMENTS (KOHA)
Source of classification or shelving scheme Dewey Decimal Classification
Koha item type Books like text book referance book
Suppress in OPAC No
Holdings
Withdrawn status Lost status Source of classification or shelving scheme Damaged status Not for loan Collection code Home library Current library Shelving location Date acquired Total Checkouts Full call number Barcode Date last seen Copy number Price effective from Koha item type
    Dewey Decimal Classification     Reference Wondo Genet Library Wondo Genet Library General Stacks 04/01/2022   628 MCG 1991 WGCFNRL00016051 04/01/2022 1 04/01/2022 Books like text book referance book